[Event "Coventry 4NCL op-B 16th"]
[Site "Coventry"]
[Date "2017.11.04"]
[Round "3"]
[White "Hamilton, Douglas"]
[Black "Di Vetta, Andrew"]
[Result "1/2-1/2"]
[WhiteElo "1881"]
[BlackElo "1611"]
[PlyCount "133"]
[EventDate "2017.11.03"]
[EventType "swiss"]
[EventRounds "5"]
[EventCountry "ENG"]
[SourceTitle "CBM 181 Extra"]
[Source "ChessBase"]
[SourceDate "2017.12.12"]
[SourceVersion "1"]
[SourceVersionDate "2017.12.12"]
[SourceQuality "1"]

1. c4 e5 2. g3 Nc6 3. Bg2 Nf6 4. Nc3 Bc5 5. e3 a6 6. Nge2 d6 7. a3 Ba7 8. d3 Rb8 9. 0-0 Bd7 10. b4 Ne7 11. a4 Bc6 12. e4 Bd7 13. h3 Nc6 14. Ba3 Nd4 15. Nxd4 Bxd4 16. Rc1 Ba7 17. b5 0-0 18. bxa6 bxa6 19. Nd5 Bd4 20. Qc2 c5 21. Nxf6+ Qxf6 22. Rb1 Rfc8 23. a5 Qd8 24. Qd2 Qc7 25. Kh2 f6 26. Rfc1 Rb7 27. Bf3 Rcb8 28. Rxb7 Qxb7 29. Bd1 Qc8 30. h4 Rb7 31. f3 Qb8 32. Bc2 Bb2 33. Bxb2 Rxb2 34. Qc3 Ba4 35. Kh3 Bxc2 36. Rxc2 Rb3 37. Qd2 Qb4 38. Qxb4 cxb4 39. c5 dxc5 40. Rxc5 Rc3 41. Rd5 b3 42. Rd8+ Kf7 43. Rd7+ Kg6 44. d4 exd4 45. Rxd4 Rxf3 46. Rb4 Rc3 47. Kg4 h5+ 48. Kf4 Rc5 49. Rxb3 Rxa5 50. Rb8 Ra1 51. Ra8 a5 52. Kf3 a4 53. Ra5 a3 54. Kg2 a2 55. Ra7 Re1 56. Rxa2 Rxe4 57. Ra7 Re3 58. Kf2 Rb3 59. Kg2 Rb4 60. Kf3 Rg4 61. Ra6 Kh7 62. Ra7 f5 63. Rf7 Kg6 64. Rf8 Ra4 65. Kf2 Ra2+ 66. Kf3 Ra1 67. Kf2 1/2-1/2

[Event "Coventry 4NCL op-B 16th"]
[Site "Coventry"]
[Date "2017.11.04"]
[Round "2"]
[White "Tandon, Rohan"]
[Black "Hamilton, Douglas"]
[Result "1/2-1/2"]
[WhiteElo "1472"]
[BlackElo "1881"]
[PlyCount "57"]
[EventDate "2017.11.03"]
[EventType "swiss"]
[EventRounds "5"]
[EventCountry "ENG"]
[SourceTitle "CBM 181 Extra"]
[Source "ChessBase"]
[SourceDate "2017.12.12"]
[SourceVersion "1"]
[SourceVersionDate "2017.12.12"]
[SourceQuality "1"]

1. e4 d6 2. d4 Nf6 3. Nc3 Nbd7 4. f4 e5 5. fxe5 dxe5 6. dxe5 Nxe5 7. Qxd8+ Kxd8 8. Bf4 Bd6 9. 0-0-0 Bd7 10. Bb5 Nd3+ 11. Rxd3 Bxf4+ 12. Kb1 c6 13. Bc4 Kc7 14. Bxf7 Rhf8 15. Bb3 Rae8 16. Nge2 Nxe4 17. Nxe4 Rxe4 18. Nxf4 Rexf4 19. a3 Rf1+ 20. Rxf1 Rxf1+ 21. Ka2 Rf2 22. Rg3 g6 23. Bg8 h5 24. Rxg6 Rxc2 25. Rg7 Kd6 26. Bb3 Rf2 27. Rg6+ Kc7 28. Rg7 Kd6 29. Rg6+ 1/2-1/2

[Event "Dundee & Angus op"]
[Site "Dundee"]
[Date "2016.10.09"]
[Round "5"]
[White "Hamilton, Douglas"]
[Black "Bucher, Grant"]
[Result "1/2-1/2"]
[WhiteElo "1917"]
[BlackElo "1887"]
[PlyCount "96"]
[EventDate "2016.10.07"]
[EventType "swiss"]
[EventRounds "5"]
[EventCountry "SCO"]
[SourceTitle "EXT 2023"]
[Source "ChessBase"]
[SourceDate "2022.10.05"]
[SourceVersion "1"]
[SourceVersionDate "2022.10.05"]
[SourceQuality "1"]

1. c4 Nf6 2. g3 c5 3. Bg2 Nc6 4. Nc3 e6 5. e3 d5 6. b3 d4 7. exd4 cxd4 8. Nce2 e5 9. d3 Bf5 10. a3 a5 11. Nf3 h6 12. h3 Bc5 13. g4 Bh7 14. Ng3 0-0 15. g5 e4 16. gxf6 exf3 17. Bxf3 Re8+ 18. Kf1 Qxf6 19. Ne4 Bxe4 20. Bxe4 Rxe4 21. dxe4 d3 22. Ra2 Rd8 23. Rg1 Nd4 24. Qh5 Nxb3 25. e5 d2 26. exf6 dxc1Q+ 27. Kg2 Qg5+ 28. Qxg5 hxg5 29. fxg7 Kxg7 30. Re1 Rd2 31. Rxd2 Nxd2 32. Re5 b6 33. Rxg5+ Kf6 34. Rg3 Nxc4 35. h4 Bxa3 36. h5 Bb2 37. h6 Kf5 38. h7 a4 39. Rg8 a3 40. h8Q Bxh8 41. Rxh8 b5 42. Rb8 Nd6 43. Kf3 Ke6 44. Ke3 Kd5 45. Kd3 Kc5 46. Kc3 b4+ 47. Rxb4 Nb5+ 48. Kb3 Nd4+ 1/2-1/2